Proceeding of the international consultation of the strategy and action plan for mitigating water disasters in Vietnam
Contents: Speeches and present ation of papers; summary of the international consultation
Gardado en:
| Formato: | Libro |
|---|---|
| Idioma: | Undetermined |
| Publicado: |
Hà Nội
Nhà xuất bản Hà Nội
1994
|
| Những chủ đề: | |
| Các nhãn: |
Engadir etiqueta
Sen Etiquetas, Sexa o primeiro en etiquetar este rexistro!
|
| Thư viện lưu trữ: | Trung tâm Học liệu Trường Đại học Cần Thơ |
|---|
| LEADER | 00734nam a2200181Ia 4500 | ||
|---|---|---|---|
| 001 | CTU_142122 | ||
| 008 | 210402s9999 xx 000 0 und d | ||
| 082 | |a 628.1 | ||
| 082 | |b P963 | ||
| 245 | 0 | |a Proceeding of the international consultation of the strategy and action plan for mitigating water disasters in Vietnam | |
| 245 | 0 | |c Ministry of Water resources | |
| 260 | |a Hà Nội | ||
| 260 | |b Nhà xuất bản Hà Nội | ||
| 260 | |c 1994 | ||
| 520 | |a Contents: Speeches and present ation of papers; summary of the international consultation | ||
| 650 | |a Environmental protection,Water quality control,Bảo vệ môi trường | ||
| 904 | |i Tuyến | ||
| 980 | |a Trung tâm Học liệu Trường Đại học Cần Thơ | ||